000 00369nam a2200145Ia 4500
008 230917s9999||||xx |||||||||||||| ||und||
040 _e249303
_aMAIN
041 _aEnglish
082 _a891.2109 N638H
100 _aNitin
245 0 _aHarinarayan Dixit rachi Shrigvalladevcharitam: Ek kavyashastriya adhyayan
260 _c2017
300 _a236 p.
942 _cTH
999 _c128042
_d128042